| 000 | 01016cam a22002774a 4500 | ||
|---|---|---|---|
| 001 | 14788976 | ||
| 003 | OSt | ||
| 005 | 20230608093618.0 | ||
| 008 | 070329s2006 ko ab 000 0 eng | ||
| 010 | _a 2007328595 | ||
| 040 |
_aDLC _cDLC _dDLC |
||
| 042 | _apcc | ||
| 043 | _aa-ko--- | ||
| 050 | 0 | 0 |
_aLA1331 _b.E28 2006 |
| 082 |
_a370.7519 _bMES |
||
| 245 | 0 | 0 |
_aEducation in Korea, 2005-2006 / _ccompiled by National Institute for International Education Development. |
| 260 |
_aSeoul, Korea : _bMinistry of Education & Human Resources Development, Republic of Korea, _c2006. |
||
| 300 |
_a143 p. : _bcol. ill., maps ; _c25 cm. |
||
| 650 | 0 |
_aEducation _zKorea (South) _xHistory. |
|
| 650 | 0 |
_aEducation and state _zKorea (South) _xHistory. |
|
| 710 | 2 | _aKukche Kyoyuk Chinhŭngwŏn (Korea) | |
| 856 | 4 | 1 |
_3Table of contents only _uhttp://www.loc.gov/catdir/toc/fy0708/2007328595.html |
| 906 |
_a7 _bcbc _corignew _d3 _encip _f20 _gy-gencatlg |
||
| 942 |
_2ddc _cBK |
||
| 999 |
_c834 _d834 |
||